El mundo del talmud /

Guardado en:
Autor Principal: Adler, Morris
Formato: Libro
Publicado: Buenos Aires : Paidós, 1964
Series:Biblioteca del hombre contemporáneo
Materias:
Etiquetas: Agregar Etiqueta
Sin Etiquetas, Sea el primero en etiquetar este registro!
LEADER 00881nam a22001935a 4500
001 CEM.cems000324
005 20061018160326.0
008 130507s1964##################000#0#####d
003 CEMS
082 0 4 |a 296.1 
100 1 |a Adler, Morris 
245 1 0 |a El mundo del talmud /  |c Morris Adler 
260 |a Buenos Aires :  |b Paidós,  |c 1964 
300 |a 135 p. 
490 0 |a Biblioteca del hombre contemporáneo 
505 0 |a Intentando una definición -- El desarrollo de la Ley Oral -- ¿Por qué oral? -- La Mishná -- La Guemará -- Halajá y Agadá (Ley y Saber) -- ¿Quienes fueron los rabis? -- La religión de los rabis -- Aspectos de la enseñanza rabínica social -- Sobre la justicia y las cortes -- Las negociaciones de la enseñanza rabínica -- El perdurable valor del Talmud 
653 |a Judaísmo 
653 |a Talmud 
859 |a CEMS  |b BIB. CEMS - 11 de abril  |h 296.1  |i Ad59  |p 375.73  |t Ej.1